Online Catalogue and eLibrary

Makkal ariviyal ilalliyam nokkum pokkum (Record no. 4642)

MARC details
000 -LEADER
fixed length control field 00235nam a2200097Ia 4500
008 - FIXED-LENGTH DATA ELEMENTS--GENERAL INFORMATION
fixed length control field 240331s9999 xx 000 0 und d
082 ## - DDC Classification
Item Number - Author Mark SEN
100 ## - MAIN ENTRY--PERSONAL NAME
Personal name Senthamizhkothai,U
245 #0 - TITLE STATEMENT
Title Makkal ariviyal ilalliyam nokkum pokkum
942 ## - Koha item type (Biblio)
Koha item type Books in Stacks (Lending)
Holdings
Lost status Damaged status Collection code Home library Current library Shelving location Date acquired Full call number Accession Number Item type
    Lending WERC Library WERC Library Social Science Cupboard 03/31/2024 407 SEN 6434 Books in Stacks (Lending)

© WERC Library